000 00465nam a2200157Ia 4500
008 240729s9999 xx 000 0 und d
022 _a1541-4914
245 0 _aJournal of Interactive Online Learning
260 _aUnited States
260 _bNational Center for Online Learning Research
650 _a Special aspects of education
650 _aEducation
856 _uhttps://doaj.org/toc/d3c4cae5d245481bb7ed9f23610bd8b8
942 _2ddc
942 _cDOAJEJ
999 _c66140
_d66140
945 _a1
_bMadushi Gamage
_c1
_dMadushi Gamage